vampire diaries what are they - Statistics

General Stats
  • This quiz has been taken 1,859 times
    1,799 since last reset
  • The average score is 8 of 14
Answer Stats
Hint Answer % Correct
Damon Salvatore vampire
100%
Caroline Forbes vampire
100%
Bonnie Bennett witch
93%
Klaus Mikaelson hybrid
86%
Tyler Lockwood werewolf
83%
Jeremy Gilbert hunter
67%
Rebekah Mikaelson original vampire
67%
Seline and Sybil sirens
46%
Elena Gilbert doppleganger
45%
Kai Parker heretic
27%
Silas immortal
24%
Marco traveler
21%
Josie and Lizzie Saltzman siphons
10%
Cade psychic
8%
No matching quizzes found
Score Distribution
Percent of People with Each Score
Percentile by Number Answered
Your Score History
You have not taken this quiz since the last reset